01011nam a22002537a 45000010005000000030006000050050017000110080041000280200018000690400029000870820008001161000018001242450078001422600038002203000044002584900020003025050008003225200287003305210029006175210020006466500032006666500027006987000032007255333FISKH20241126153524.0241126b cb ||||| |||| 00| 0 eng d a9781407124070 aFISKHbengcFISKHdFISKH a900 aReeve, Philip aHoratio Nelson and his Victory /cWritten and illustrated by Philip Reeve aNew York : bScholastic ;c2003 . a208 pages : billustrations ;c20 cm . aHorribly Famous aU  aYou've probably heard of Horatio Nelson. He's dead famous for winning the Battle of Travalgar, losing an arm and an eye, and being stuck up a column. But have you heard how he nearly got killed by a polar bear, and ate rats and maggots? Get the inside story on Horatio in this book.8 a840 bLexile estimate 8 aU bRaz-Plus  aHoratio NelsonvNon-fiction abiographyvNon-fiction aReeve, Philipeillustrator